La salida de Egipto en la Biblia
Sparad:
| Huvudupphovsman: | |
|---|---|
| Materialtyp: | Bok |
| Språk: | spanska |
| Publicerad: |
Pamplona
Verbo Divino
1971
|
| Serie: | Colección Mensaje Bíblico, 5
|
| Ämnen: | |
| Taggar: |
Lägg till en tagg
Inga taggar, Lägg till första taggen!
|
MARC
| LEADER | 00000nam a2200000 a 4500 | ||
|---|---|---|---|
| 001 | UCL5348 | ||
| 003 | CL-VaPUC | ||
| 008 | 040312e19710000SP |||||||||||||||||spa|d | ||
| 082 | 0 | 4 | |a 222.12 |b LEN |2 21 |
| 100 | 0 | |a Lenssen, Ambrosius F |e author |9 483068 | |
| 245 | 1 | 3 | |a La salida de Egipto en la Biblia |
| 300 | |a 128 p | ||
| 942 | |c BK | ||
| 945 | |d 20040312 00:00:00 |a vberengu | ||
| 260 | |a Pamplona |b Verbo Divino |c 1971 | ||
| 650 | 7 | |a EXODO |2 CL-VaPUC |9 320762 | |
| 583 | |a last modification |c 20130402 08:27:26 |k Rodrigo Vera | ||
| 490 | 0 | |a Colección Mensaje Bíblico, 5 | |
| 999 | |c 307957 |d 307955 | ||
| 952 | |0 0 |1 0 |4 0 |6 222_120000000000000_LEN_1971 |7 0 |8 A |9 374147 |a BIBTEO |b BIBTEO |d 2019-11-21 |i 2104946 |o 222.12 LEN 1971 |p 2104946 |r 2025-01-17 |w 2019-11-21 |y BK |k ICR | ||